| 000 | 00675nam a22001817a 4500 | ||
|---|---|---|---|
| 003 | BD-DhUL | ||
| 005 | 20160904155940.0 | ||
| 008 | 160904b1988 bg ||||| |||| 00| 0 ben d | ||
| 040 | _cBD-DhUL | ||
| 082 |
_a954.92 _bSHB |
||
| 100 | _4হাসান, মোরশেদ শফিউল | ||
| 245 |
_aবুদ্ধিজীবী ও সংশ্লিষ্ট প্রসঙ্গ / _cমোরশেদ শফিউল হাসান |
||
| 260 |
_aঢাকা : _bঅক্ষর, _c১৯৮৮ |
||
| 300 |
_a৬১ পৃ. : _c২১ সে.মি. |
||
| 650 | 0 | _aবাংলাদেশ-ইতিহাস | |
| 650 | 0 | _aBangladesh-history | |
| 942 |
_2ddc _cBK |
||
| 999 |
_c103971 _d103971 |
||